| 000 | 00504nam a2200181Ia 4500 | ||
|---|---|---|---|
| 005 | 20250508152848.0 | ||
| 008 | 008 250505s9999 xx 000 0 eng d | ||
| 037 | _aTextual | ||
| 040 |
_aFEDL _beng _cFEDL |
||
| 041 |
_aeng _2eng |
||
| 084 |
_a371, MUR _qFEDL |
||
| 100 | _aMurphy Gardner | ||
| 245 | 0 | _aFreeing intelligence through teaching | |
| 260 |
_aNew York, USA _bHarper and Brothers Publisher _c1961 |
||
| 300 | _a64p. | ||
| 942 |
_cTEXL _h371, MUR |
||
| 999 |
_c1339258 _d1339258 |
||